Head of State Flags of Countries #3 - Statistics

General Stats
  • This quiz has been taken 6 times
  • The average score is 10 of 16
Answer Stats
Picture Answer % Correct
France
100%
Antigua and Barbuda
67%
Belize
67%
Greece
67%
Grenada
67%
Latvia
67%
Malta
67%
Panama
67%
São Tomé and Príncipe
67%
Slovakia
67%
United States
67%
Italy
50%
Argentina
33%
Lithuania
33%
Mauritius
33%
Saint Kitts and Nevis
33%
No matching quizzes found
Score Distribution
Percent of People with Each Score
Percentile by Number Answered
Your Score History
You have not taken this quiz